Presentación: sociologías y periferias /
Guardat en:
| Autor principal: | |
|---|---|
| Altres autors: | |
| Format: | Text |
| Matèries: | |
| Etiquetes: |
Afegir etiqueta
Sense etiquetes, Sigues el primer a etiquetar aquest registre!
|
MARC
| LEADER | 00000 a a2200000 04500 | ||
|---|---|---|---|
| 001 | 18958 | ||
| 003 | |||
| 040 | |||
| 100 | |a Morán, María Luz | ||
| 245 | |a Presentación: sociologías y periferias / |c María Luz Morán ; Ana Inés López - Accotto | ||
| 650 | |a SOCIOLOGIA | ||
| 650 | |a RELACIONES NORTE SUR | ||
| 650 | |a ANALISIS SOCIOLOGICO | ||
| 650 | |a MODERNIZACION | ||
| 650 | |a DEMOCRACIA | ||
| 700 | |a López - Accotto, Ana Inés | ||
| 773 | |g número 82 -83; páginas 5-23 | ||
| 999 | |c 30071 |d 30071 | ||
